LDR 00650naa#a2200181#i#450# 001 EN\INFRA-M\bibl\122494 005 20260515205434.5 011 ## _a1998-0728 100 ## _a20260429b2026####ek#y0engy0150####ca 102 ## _aRU 200 1# _aA New Way to Introduce Children and Teenagers to Reading: Meetings at a Library Café _eJournal article 210 1# _aMoscow _cINFRA-M Academic Publishing LLC. _d2026 215 ## _a4 с. 608 ## _aJournal article _2local 675 ## _aКультурная педагогика. 37.013.43 _aВоспитание гражданина. 37.017.4 _z 700 #1 _aTer-Aralekyan _gE. K. 700 #1 _aMaksimova _gN. G. 856 4# _anaukaru.ru _u